What calculus can do. / (Record no. 7432)
[ view plain ]
| 000 -LEADER | |
|---|---|
| fixed length control field | 00990nam a22001457a 4500 |
| 008 - FIXED-LENGTH DATA ELEMENTS--GENERAL INFORMATION | |
| fixed length control field | 120821t xxu||||| |||| 00| 0 eng d |
| 050 ## - LIBRARY OF CONGRESS CALL NUMBER | |
| Classification number | QA303.2.R21 |
| 100 ## - MAIN ENTRY--PERSONAL NAME | |
| Personal name | Ransom, William R. |
| 245 ## - TITLE STATEMENT | |
| Title | What calculus can do. / |
| Statement of responsibility, etc. | William R. Ransom |
| 260 ## - PUBLICATION, DISTRIBUTION, ETC. | |
| Place of publication, distribution, etc. | Portland, Maine: |
| Name of publisher, distributor, etc. | J. Weston Walsh, |
| Date of publication, distribution, etc. | 1967. |
| 300 ## - PHYSICAL DESCRIPTION | |
| Extent | ix, 142 p.: |
| Other physical details | ill.; |
| 505 ## - FORMATTED CONTENTS NOTE | |
| Formatted contents note | Contents: Fundamentals -- Formulas for differentiation -- Rates -- Expansions -- Plane curves -- Integration -- Differential equations -- Second order differential equations -- Areas and definite integrals -- Limits -- Partial differentiation -- Extreme values -- Surfaces -- Space curves -- Fourier's series -- Complex numbers -- Variation -- Means and moments -- Laplace transforms -- Einstein's mass energy -- Further diverse applications -- Appendix\; Logarithms to base e =2.718, Hyperbolic, Inverse trigonometric, Logarithms of factorial N, Table of integrals, Condensed numerical table -- Index |
| 650 ## - SUBJECT ADDED ENTRY--TOPICAL TERM | |
| Topical term following geographic name entry element | Calculus |
| 942 ## - ADDED ENTRY ELEMENTS (KOHA) | |
| Source of classification or shelving scheme | Library of Congress Classification |
| Koha item type | Books |
| Withdrawn status | Lost status | Source of classification or shelving scheme | Damaged status | Not for loan | Collection code | Home library | Current library | Shelving location | Date acquired | Full call number | Barcode | Date last seen | Price effective from | Koha item type |
|---|---|---|---|---|---|---|---|---|---|---|---|---|---|---|
| Library of Congress Classification | Non-fiction | WISCONSIN INTERNATIONAL UNIVERSITY COLLEGE, GHANA - MAIN LIBRARY | WISCONSIN INTERNATIONAL UNIVERSITY COLLEGE, GHANA - MAIN LIBRARY | General Stacks | 20/11/2019 | QA303.2.R21 | K/2649/2649/19 | 03/07/2020 | 03/07/2020 | Books |
